LIBRARY & INFORMATION CENTRE, KCAET, TAVANUR

ONLINE PUBLIC ACCESS CATALOGUE (OPAC)

Seed Quality Enhancement: Principles and Practices (Record no. 14227)

MARC details
000 -LEADER
fixed length control field 00314nam a22001217a 4500
020 ## - INTERNATIONAL STANDARD BOOK NUMBER
ISBN 9788172336639
082 ## - DEWEY DECIMAL CLASSIFICATION NUMBER
Classification number 631.521
Item number VAN/SE
100 ## - MAIN ENTRY--AUTHOR NAME
Personal name Vanangamudi. K
245 ## - TITLE STATEMENT
Title Seed Quality Enhancement: Principles and Practices
260 ## - PUBLICATION, DISTRIBUTION, ETC. (IMPRINT)
Place of publication New Delhi
Name of publisher Scientific Publishers
Year of publication 2013
300 ## - PHYSICAL DESCRIPTION
Number of Pages 485
942 ## - ADDED ENTRY ELEMENTS (KOHA)
Koha item type Books
Holdings
Withdrawn status Lost status Damaged status Collection code Home library Current library Shelving location Date acquired Source of acquisition Cost, normal purchase price Full call number Accession Number Koha item type
        KAUAET KAUAET General Stacks 06/06/2016 Southern Book Centre 2250.00 631.521 VAN/SE 24920 Books
free website counter